00299nam a22001097a 4500020001800000040000900018082003100027100001700058245004800075260004600123650002000169 a9788178083001 cnust 2Second Editiona006.3bHAY aHaykin Simon aNeural NetworksbA Comprehensive Foundation aNew Delhi:bPearson Education Inc,c2004. aNeural Networks